Datum a čas kvízu
33
Celkem bodů
Celkový počet nahraných bodů na tomto kvízu bez doplňovacích otázek.
5.
Pořadí na kvízu
Konečné umístění týmu na tomto kvízu.
Zaznamenané odpovědi
| # | Otázka | Odpověď | Body | Výsledky |
|---|---|---|---|---|
| 1. | Od pátku do neděle probíhal v... | hodinka | 1 | |
| 2. | Papež František v pondělí učin... | jmenoval ženu do církevního úřadu | 0 | |
| 3. | 62letá americká herečka se po... | Demi Moore | 1 | |
| 4. | V úterý jsme se dozvěděli, že... | XXXLutz | 0 | |
| 5. | Loňský (a celkově čtyřnásobný)... | Carlos Sainz | 1 | |
| 6. | Toto téma jste si odhlasovali... | D | 1 | |
| 7. | Jistý uznávaný český básník je... | Svatební košile; Jaroslav Vrchlický | 0.5 | |
| 8. | Zákaz účasti osobám mladším 18... | C; straight (postupka) | 0 | |
| 9. | Přiřaďte (poměrně cudné) fotog... | 1B 2D 3C 4A | 1 | |
| 10. | V roce 2009 vydala jedna poměr... | Rammstein | 1 |